Premi Oscar Miglior Attore - Statistics

Statistiche generali
  • Questo quiz è stato fatto 461 volte
  • Il punteggio medio è 27 su 89
Statistiche sulle risposte
Anno Attore Film % Corretto
2016 Leonardo Di Caprio Revenant - Redivivo
94%
1999 Roberto Benigni La vita è bella
88%
1994 Tom Hanks Philadelphia
84%
1995 Tom Hanks Forrest Gump
84%
2001 Russell Crowe Il gladiatore
77%
1981 Robert De Niro Toro scatenato
76%
1993 Al Pacino Scent of a Woman - Profumo di donna
75%
1955 Marlon Brando Fronte del porto
75%
1973 Marlon Brando Il padrino
75%
1976 Jack Nicholson Qualcuno volò sul nido del cuculo
67%
1998 Jack Nicholson Qualcosa è cambiato
67%
1992 Anthony Hopkins Il silenzio degli innocenti
66%
1980 Dustin Hoffman Kramer contro Kramer
60%
1989 Dustin Hoffman Rain Man - L'uomo della pioggia
60%
2004 Sean Penn Mystic River
58%
2009 Sean Penn Milk
58%
1990 Daniel Day-Lewis Il mio piede sinistro
57%
2008 Daniel Day-Lewis Il pretroliere
57%
2013 Daniel Day-Lewis Lincoln
57%
2000 Kevin Spacey American Beauty
54%
2003 Adrien Brody Il pianista
52%
2011 Colin Firth Il discorso del re
52%
2002 Denzel Washington Training Day
52%
2006 Philip Seymour Hoffman Truman Capote: A sangue freddo
50%
2017 Casey Affleck Manchester by the Sea
45%
1988 Michael Douglas Wall Street
44%
2014 Matthew McConaughey Dallas Buyers Club
43%
1987 Paul Newman Il colore dei soldi
38%
2015 Eddie Redmayne La teoria del tutto
37%
2005 Jamie Foxx Ray
34%
1970 John Wayne Il Grinta
32%
1996 Nicolas Cage Via da Las Vegas
32%
1983 Ben Kingsley Gandhi
31%
1960 Charlton Heston Ben-Hur
27%
1935 Clark Gable Accadde una notte
26%
1982 Henry Fonda Sul lago dorato
26%
1942 Gary Cooper Il sergente York
25%
1953 Gary Cooper Mezzogiorno di fuoco
25%
1963 Gregory Peck Il buio oltre la siepe
25%
1972 Gene Hackman Il braccio violento della legge
24%
1952 Humphrey Bogart La regina d'Africa
23%
1938 Spencer Tracy Capitani coraggiosi
23%
1939 Spencer Tracy La città dei ragazzi
23%
1941 James Stewart Scandalo a Filadelfia
22%
2012 Jean Dujardin The Artist
21%
2007 Forest Whitaker L'ultimo re di Scozia
20%
2010 Jeff Bridges Crazy Heart
20%
1949 Laurence Olivier Amleto
20%
1964 Sidney Poitier I gigli del campo
20%
1991 Jeremy Irons Il mistero von Bulow
19%
1965 Rex Harrison My Fair Lady
19%
1974 Jack Lemmon Salvate la tigre
17%
1979 Jon Voight Tonrando a casa
17%
1997 Geoffrey Rush Shine
16%
1984 Robert Duvall Tender Mercies - Un tenero ringraziamento
16%
1958 Alec Guinness Il ponte sul fiume Kwai
15%
1986 William Hurt Il bacio della donna ragno
15%
1957 Yul Brynner Il re ed io
15%
1961 Burt Lancaster Il figlio di Giuda
14%
1954 William Holden Stalag 17 - L'inferno dei vivi
14%
1956 Ernest Borgnine Marty, vita di un timido
13%
1985 Murray Abraham Amadeus
13%
1959 David Niven Tavole separate
12%
1971 George C. Scott Patton, generale d'acciaio
12%
1943 James Cagney Ribalta di gloria
11%
1966 Lee Marvin Cat Ballou
10%
1977 Peter Finch Quinto potere
10%
1978 Richard Dreyfuss Goodbye amore mio!
10%
1968 Rod Steiger La calda notte dell'ispettore Tibbis
10%
1931 Lionel Barrymore Io amo
9%
1934 Charles Laughton Le sei mogli di Enrico VIII
8%
1946 Ray Milland Giorni perduti
8%
1945 Bing Crosby La mia via
7%
1947 Fredric March I migliori anni della nostra vita
7%
1951 Josè Ferrer Cirano di Bergerac
7%
1937 Paul Muni La vita del dottor Pasteur
7%
1975 Art Carney Harry e Tonto
6%
1950 Broderick Crawford Tutti gli uomini del re
6%
1929 Emil Jannings Crepuscolo di gloria / Nel gorgo del peccato
6%
1962 Maximilian Schell Vincitori e vinti
6%
1969 Cliff Robertson I due mondi di Charly
5%
1948 Ronald Colman Doppia vita
5%
04/1930 Warner Baxter Notte di tradimento
5%
11/1930 George Arliss Disraeli
4%
1967 Paul Scofield Un uomo per tutte le stagioni
4%
1936 Victor McLaglen Il traditore
4%
1932 Wallace Beery Il campione
4%
1944 Paul Lukas Quando il giorno verrà
3%
1940 Robert Donat Addio, Mr Chips!
3%
Nessun quiz corrispondente trovato
Distribuzione punteggi
Percentuale di utenti per punteggio
Percentile per numero di risposta
I tuoi punteggi nel tempo
Non hai fatto questo quiz